000 00411nam a22001337a 4500
999 _c18991
_d18991
008 210624b xxu||||| |||| 00| 0 eng d
020 _a0463687178
050 _aBX9886.5
_b.N93 2020 c.1
100 _aNyawere P.W. O.
245 _aPilgrimage of faith
_bconstant walk of faith that rewards
_cP.W.O. Nyawere
260 _aNairobi, Kenya
_bTriumphant faith media
_c2020
300 _avi, 200p.
942 _2lcc
_cBK